00494nam a2200169 i 450000100060000000300090000600500170001500700030003200800410003510000190007624500930009526000430018830000210023149000200025283000200027285200320029279912ES-MaACL20230906174059.0t|041025s1940 gw ||||1| ger d1 aHess, Gerhard.10aKeibniz korrespondiert mit Paris b: eirleitung und übertragungen /cvon Gerhard Hess. aHamburg : bHoffmann u Campe, c[1940] a93 p. ; c18 cm.1 aGestiges Europa0 aGestiges Europa aES-MaACLjF-15541 bR.19103